[Event "FRA-chT3"]
[Site "France"]
[Date "2001.??.??"]
[Round "6"]
[White "Lebel Arias, Julia"]
[Black "Payre, Jean"]
[Result "1-0"]
[WhiteElo "2070"]
[BlackElo "1980"]
[PlyCount "55"]
[EventDate "2001.??.??"]
[EventType "team"]
[EventRounds "9"]
[EventCountry "FRA"]
[SourceTitle "EXT 2003"]
[Source "ChessBase"]
[SourceDate "2002.11.25"]
[SourceVersion "1"]
[SourceVersionDate "2002.11.25"]
[SourceQuality "1"]

1. d4 Nf6 2. Nf3 b6 3. Bg5 Bb7 4. Nbd2 d5 5. e3 Nbd7 6. Bd3 Ne4 7. Bf4 e6 8. 0-0 g5 9. Bxe4 gxf4 10. Bd3 fxe3 11. fxe3 Bg7 12. Qe2 f5 13. a4 0-0 14. a5 bxa5 15. Ba6 Rb8 16. Nb3 Ba8 17. Rxa5 c5 18. Bb5 c4 19. Bxd7 Qxd7 20. Nc5 Qe7 21. Rfa1 Rxb2 22. Rxa7 Bb7 23. Qe1 Re8 24. Qg3 Kh8 25. Ne5 Bh6 26. Qh3 Rg8 27. Qxh6 Rxc2 28. g3 1-0